Entertainment industry magazine archive.

Contains titles such as: bob, Creem, Fusion, Jazz & Pop, Maximum Rocknroll, Op, Option, Ray Gun, Royal's World Countdown, Slash, Trouser Press, Trouser Press Collector's Magazine, Under the Radar.

Bibliographic Details
Format: Database
Language:English
Multiple languages
Language Notes:English and other languages.
Published: [Ann Arbor, MI] : Proquest ©2012
Subjects:
Online Access:http://proxy.library.tamu.edu/login?url=http://coral.library.tamu.edu/resourcelink.php?resource=3228

MARC

Tag First Indicator Second Indicator Subfields
LEADER 00000cai a2200000Ia 4500
001 in00002768721
005 20190331170632.0
006 m o d
007 cr |||||||||||
007 cr ||||||||||
008 120522c20129999miuuu d o 0 2eng c
010 |a  2012239175 
019 |a 1071785486 
029 1 |a NZ1  |b 15640190 
035 |a (OCoLC)794085295 
040 |a VRA  |b eng  |e rda  |c VRA  |d DNU  |d GZM  |d IUL  |d WAU  |d OCLCF  |d COO  |d S3O  |d OCLCO  |d OCLCQ  |d COD  |d OCLCO  |d OCL  |d CUS  |d GZM  |d ZCU  |d OCLCO  |d NDD  |d OCL  |d GZM  |d OCL 
041 0 |a eng  |a mul 
042 |a pcc 
049 |a TXAM 
050 1 4 |a PN1561 
090 |a PN1993  |b .E684 Electronic 
245 0 0 |a Entertainment industry magazine archive. 
246 1 |i Also known as:  |a EIMA 
264 4 |c ©2012 
264 1 |a [Ann Arbor, MI] :  |b Proquest 
300 |a 1 online resource 
336 |a text  |b txt  |2 rdacontent 
337 |a computer  |b c  |2 rdamedia 
338 |a online resource  |b cr  |2 rdacarrier 
362 1 |a Began in 2012? 
538 |a Mode of access: World Wide Web. 
500 |a Title from search page (viewed May 22, 2012). 
506 |a Access is restricted to subscribed users. 
500 |a Electronic resource. 
520 |a Contains titles such as: bob, Creem, Fusion, Jazz & Pop, Maximum Rocknroll, Op, Option, Ray Gun, Royal's World Countdown, Slash, Trouser Press, Trouser Press Collector's Magazine, Under the Radar. 
546 |a English and other languages. 
580 |a Entertainment Industry Magazine Archive includes the collections: EIMA1 (Music, radio, and the stage), EIMA2 (Cinema, film and television (Part 1)), EIMA3 (Cinema, film and television (Part 2)), and EIMA4 (Rock, folk and hip-hop). Absorbed: Music Magazine Archive in 2021 
588 |a Description based on contents viewed on January 27, 2022, revised Apr. 25, 2023; title from database homepage. 
655 4 |a Online databases. 
650 0 |a Performing arts  |x Periodicals  |v Indexes. 
655 7 |a Sources.  |2 fast  |0 (OCoLC)fst01423900 
710 2 |a ProQuest (Firm),  |e issuing body. 
774 0 8 |i Container of (work):  |t EIMA1.  |d [Ann Arbor, Michigan] : Proquest LLC  |w (DLC) 2017254037  |w (OCoLC)994212000 
856 4 0 |u http://proxy.library.tamu.edu/login?url=http://coral.library.tamu.edu/resourcelink.php?resource=3228  |t 0 
994 |a C0  |b TXA 
948 |a cataloged  |b h  |c 2012/8/22  |d c  |e lfurubot  |f 2:44:22 pm 
999 |a MARS 
999 f f |s 64761202-d5e9-390c-8c04-64163ba90451  |i 4353aaee-18ce-34c8-b844-d5a71aeee3c8  |t 0 
952 f f |a Texas A&M University  |b College Station  |c Electronic Resources  |s www_evans  |d Available Online  |t 0  |e PN1993 .E684  |g Electronic  |h Library of Congress classification